Statistics for movie quiz 3

Click here to take the quiz!

General Stats

  • This quiz has been taken 20 times
  • The average score is 5 of 16

Answer Stats

Answer% Correct
Rise of the planet of the Apes
88%
Murder Mystery
56%
The Suicide Squad
50%
World War Z
50%
Godzilla vs kong
44%
Murder Mystery 2
44%
San andreas
44%
Bird box
38%
A quiet place
31%
The Meg
31%
Skyscraper
25%
Cloverfield
13%
The great wall
13%
The old Guard
6%
War for the planet of The Apes
6%
extinction
0%

Score Distribution

Percentile by Number Answered

Percent of People with Each Score

Your Score History

You have not taken this quiz